Prueba de Taiwán - Estadísticas

Estadísticas generales
  • Esta prueba ha sido intentada 1.083 veces
  • La puntuación promedio es 9 de 17
Estadísticas de respuestas
Pregunta Respuesta % Correcto
Capital de Taiwán Taipéi
97%
País que ocupó Taiwán de 1895 a 1945 Japón
88%
Organismo internacional que expulsó a Taiwán en 1971 Naciones Unidas
88%
Si navegas hacia el sur desde Taiwán, ¿cuál es el primer país al que llegarías? Filipinas
82%
La religión más común (sin incluir las religiones populares) Budismo
79%
El objeto representado en la bandera de Taiwán El sol
73%
El deporte más popular Béisbol
51%
Nombre oficial de Taiwán República de China
51%
Apodo de las vibrantes economías de Taiwán, Hong Kong, Singapur y Corea del Sur Cuatro {tigre}s asiáticos
46%
El edificio más alto del mundo de 2004 a 2010 (pista: capital + número) Taipei 101
46%
El cuerpo de agua que separa China y Taiwán Estrecho de {Taiwán}
42%
Moneda de Taiwán Nuevo dólar taiwanés
42%
El antiguo nombre de la isla de Taiwán Formosa
38%
La montaña más alta {Yu} Shan
36%
El tipo de "té" que a menudo contiene bolas de tapioca Té de {burbujas}
21%
El generalísimo que estableció Taiwán después de huir del continente en 1949 Chiang Kai-Shek
17%
La compañía taiwanesa que fabrica iPhones en China {Fox}conn
12%
No se encontraron pruebas coincidentes
Distribución de puntuación
Porcentaje de gente con cada puntuación
Porcentaje por número respondido
Historial de tus puntuaciones
No has intentado esta prueba.